[Event "World Cup 2023 Open"]
[Site "Baku, Azerbaijan"]
[Date "2023.08.02"]
[Round "11.8"]
[White "Gukesh D (IND)"]
[Black "Iskandarov Misratdin (AZE)"]
[Result "1-0"]
[WhiteFideId "46616543"]
[BlackFideId "13400312"]
[WhiteElo "2744"]
[BlackElo "2551"]

1. e4 {[%clk 01:30:56]} {[%emt 00:00:03]} e5 {[%clk 01:30:47]} {[%emt
00:00:13]} 2. Nf3 {[%clk 01:31:06]} {[%emt 00:00:20]} Nc6 {[%clk 01:31:06]}
{[%emt 00:00:11]} 3. Bb5 {[%clk 01:30:53]} {[%emt 00:00:44]} a6 {[%clk
01:30:35]} {[%emt 00:01:01]} 4. Ba4 {[%clk 01:31:16]} {[%emt 00:00:07]} Nf6
{[%clk 01:30:57]} {[%emt 00:00:08]} 5. O-O {[%clk 01:31:19]} {[%emt 00:00:27]}
Be7 {[%clk 01:30:57]} {[%emt 00:00:30]} 6. Re1 {[%clk 01:31:16]} {[%emt
00:00:33]} b5 {[%clk 01:31:16]} {[%emt 00:00:11]} 7. Bb3 {[%clk 01:31:39]}
{[%emt 00:00:07]} O-O {[%clk 01:31:28]} {[%emt 00:00:17]} 8. d3 {[%clk
01:31:26]} {[%emt 00:00:43]} d6 {[%clk 01:29:58]} {[%emt 00:02:01]} 9. c3
{[%clk 01:31:40]} {[%emt 00:00:16]} Na5 {[%clk 01:28:16]} {[%emt 00:02:12]} 10.
Bc2 {[%clk 01:32:02]} {[%emt 00:00:08]} c5 {[%clk 01:28:41]} {[%emt 00:00:05]}
11. Nbd2 {[%clk 01:32:08]} {[%emt 00:00:25]} Nc6 {[%clk 01:28:46]} {[%emt
00:00:26]} 12. h3 {[%clk 01:31:25]} {[%emt 00:01:13]} Re8 {[%clk 01:29:02]}
{[%emt 00:00:14]} 13. a4 {[%clk 01:31:37]} {[%emt 00:00:17]} Rb8 {[%clk
01:25:56]} {[%emt 00:03:35]} 14. Nf1 {[%clk 01:21:02]} {[%emt 00:11:05]} h6
{[%clk 01:20:40]} {[%emt 00:05:46]} 15. axb5 {[%clk 01:13:17]} {[%emt
00:08:15]} axb5 {[%clk 01:21:02]} {[%emt 00:00:07]} 16. d4 {[%clk 01:13:33]}
{[%emt 00:00:14]} cxd4 {[%clk 01:18:17]} {[%emt 00:03:16]} 17. cxd4 {[%clk
01:13:55]} {[%emt 00:00:07]} exd4 {[%clk 01:18:38]} {[%emt 00:00:08]} 18. Nxd4
{[%clk 01:13:56]} {[%emt 00:00:29]} Nxd4 {[%clk 01:19:02]} {[%emt 00:00:06]} 19.
Qxd4 {[%clk 01:14:21]} {[%emt 00:00:05]} Be6 {[%clk 01:19:05]} {[%emt
00:00:27]} 20. Bf4 {[%clk 01:08:03]} {[%emt 00:06:48]} Rc8 {[%clk 01:12:53]}
{[%emt 00:06:42]} 21. Qd3 {[%clk 00:54:40]} {[%emt 00:13:53]} Bc4 {[%clk
00:55:09]} {[%emt 00:18:13]} 22. Qd1 {[%clk 00:54:29]} {[%emt 00:00:41]} d5
{[%clk 00:44:11]} {[%emt 00:11:29]} 23. e5 {[%clk 00:50:30]} {[%emt 00:04:29]}
Ne4 {[%clk 00:43:54]} {[%emt 00:00:46]} 24. Qg4 {[%clk 00:30:18]} {[%emt
00:20:41]} Bxf1 {[%clk 00:29:23]} {[%emt 00:15:02]} 25. Bxe4 {[%clk 00:30:33]}
{[%emt 00:00:16]} dxe4 {[%clk 00:29:37]} {[%emt 00:00:16]} 26. Bxh6 {[%clk
00:25:32]} {[%emt 00:05:31]} Bf8 {[%clk 00:28:40]} {[%emt 00:01:27]} 27. Rxf1
{[%clk 00:25:44]} {[%emt 00:00:18]} Rxe5 {[%clk 00:28:51]} {[%emt 00:00:19]} 28.
Rfd1 {[%clk 00:22:12]} {[%emt 00:04:02]} Qe8 {[%clk 00:28:09]} {[%emt
00:01:11]} 29. Bf4 {[%clk 00:22:19]} {[%emt 00:00:23]} Re6 {[%clk 00:27:34]}
{[%emt 00:01:05]} 30. Rd5 {[%clk 00:18:23]} {[%emt 00:04:27]} Rc5 {[%clk
00:18:01]} {[%emt 00:10:02]} 31. Rd2 {[%clk 00:15:51]} {[%emt 00:03:03]} Qc6
{[%clk 00:13:30]} {[%emt 00:05:01]} 32. Qd1 {[%clk 00:11:43]} {[%emt 00:04:37]}
Re8 {[%clk 00:13:53]} {[%emt 00:00:09]} 33. Be3 {[%clk 00:11:42]} {[%emt
00:00:31]} Rce5 {[%clk 00:13:43]} {[%emt 00:00:39]} 34. Rc1 {[%clk 00:11:30]}
{[%emt 00:00:43]} Qg6 {[%clk 00:12:23]} {[%emt 00:01:49]} 35. Rd7 {[%clk
00:11:25]} {[%emt 00:00:35]} R5e6 {[%clk 00:09:52]} {[%emt 00:03:01]} 36. Rd8
{[%clk 00:05:21]} {[%emt 00:06:35]} Kh7 {[%clk 00:04:46]} {[%emt 00:05:36]} 37.
Rcc8 {[%clk 00:04:12]} {[%emt 00:01:39]} f5 {[%clk 00:03:42]} {[%emt 00:01:34]}
38. Qd7 {[%clk 00:03:50]} {[%emt 00:00:52]} Rxd8 {[%clk 00:02:50]} {[%emt
00:01:22]} 39. Qxd8 {[%clk 00:04:15]} {[%emt 00:00:05]} Rf6 {[%clk 00:03:16]}
{[%emt 00:00:04]} 40. Bd4 {[%clk 00:03:33]} {[%emt 00:01:11]} Rf7 {[%clk
00:02:44]} {[%emt 00:01:02]} 41. Bc5 {[%clk 00:03:33]} {[%emt 00:00:30]} 1-0

[Event "World Cup 2023 Open"]
[Site "Baku, Azerbaijan"]
[Date "2023.08.02"]
[Round "11.9"]
[White "Tin Jingyao (SGP)"]
[Black "Mamedyarov Shakhriyar (AZE)"]
[Result "1/2-1/2"]
[WhiteFideId "5804418"]
[BlackFideId "13401319"]
[WhiteElo "2573"]
[BlackElo "2742"]

1. d4 {[%clk 01:30:54]} {[%emt 00:00:05]} d5 {[%clk 01:30:52]} {[%emt
00:00:08]} 2. c4 {[%clk 01:31:11]} {[%emt 00:00:13]} dxc4 {[%clk 01:31:15]}
{[%emt 00:00:07]} 3. Nf3 {[%clk 01:31:23]} {[%emt 00:00:17]} a6 {[%clk
01:31:37]} {[%emt 00:00:09]} 4. e3 {[%clk 01:31:28]} {[%emt 00:00:25]} b5
{[%clk 01:32:02]} {[%emt 00:00:06]} 5. a4 {[%clk 01:31:17]} {[%emt 00:00:41]}
Bb7 {[%clk 01:32:27]} {[%emt 00:00:04]} 6. b3 {[%clk 01:27:23]} {[%emt
00:04:24]} e6 {[%clk 01:32:34]} {[%emt 00:00:23]} 7. bxc4 {[%clk 01:25:50]}
{[%emt 00:02:03]} bxc4 {[%clk 01:32:55]} {[%emt 00:00:09]} 8. Bxc4 {[%clk
01:25:44]} {[%emt 00:00:36]} c5 {[%clk 01:33:16]} {[%emt 00:00:09]} 9. O-O
{[%clk 01:24:02]} {[%emt 00:02:12]} Nf6 {[%clk 01:33:13]} {[%emt 00:00:33]} 10.
Ba3 {[%clk 01:19:08]} {[%emt 00:05:24]} Nbd7 {[%clk 01:26:23]} {[%emt
00:07:20]} 11. Nbd2 {[%clk 01:17:57]} {[%emt 00:01:40]} Be7 {[%clk 01:26:23]}
{[%emt 00:00:30]} 12. Nb3 {[%clk 01:11:37]} {[%emt 00:06:51]} cxd4 {[%clk
01:19:23]} {[%emt 00:07:31]} 13. Bxe7 {[%clk 01:02:27]} Qxe7 {[%clk 01:19:23]}
14. Qxd4 {[%clk 01:02:27]} e5 {[%clk 01:19:23]} 15. Qd2 {[%clk 01:02:27]} O-O
{[%clk 01:19:23]} 16. Rfc1 {[%clk 01:02:27]} h6 {[%clk 01:19:23]} 17. Qa5
{[%clk 01:02:27]} Rfc8 {[%clk 01:19:23]} 18. Nfd2 {[%clk 01:02:27]} g6 {[%clk
01:19:23]} 19. h3 {[%clk 01:02:27]} Kg7 {[%clk 01:19:23]} 20. Be2 {[%clk
01:02:27]} Qe6 {[%clk 01:19:23]} 21. Rab1 {[%clk 01:02:27]} Rab8 {[%clk
01:19:23]} 22. Nc5 {[%clk 01:02:27]} Nxc5 {[%clk 01:19:23]} 23. Rxc5 {[%clk
01:02:27]} Rxc5 {[%clk 01:19:23]} 24. Qxc5 {[%clk 01:02:27]} Rc8 {[%clk
01:19:23]} 25. Qa7 {[%clk 01:02:27]} Bc6 {[%clk 01:19:23]} 26. Qxa6 {[%clk
01:02:27]} Ra8 {[%clk 01:19:23]} 27. Qc4 {[%clk 01:02:27]} Qe8 {[%clk
01:19:23]} 28. Qc5 {[%clk 01:02:27]} Bxa4 {[%clk 01:19:23]} 29. Nc4 {[%clk
01:02:27]} Nd7 {[%clk 01:19:23]} 30. Qd5 {[%clk 01:02:27]} Rb8 {[%clk
01:19:23]} 31. Ra1 {[%clk 01:02:27]} Bb3 {[%clk 01:19:23]} 32. Ra7 {[%clk
01:02:27]} Rc8 {[%clk 01:19:23]} 33. Qb5 {[%clk 01:02:27]} Nc5 {[%clk
01:19:23]} 34. Qb4 {[%clk 01:02:27]} Bxc4 {[%clk 01:19:23]} 35. Bxc4 {[%clk
01:02:27]} Ne6 {[%clk 01:19:23]} 36. Kh2 {[%clk 01:02:27]} Qc6 {[%clk
01:19:23]} 37. Bb3 {[%clk 01:02:27]} Rc7 {[%clk 01:19:23]} 38. Rxc7 {[%clk
01:02:27]} Qxc7 {[%clk 01:19:23]} 39. Bxe6 {[%clk 01:02:27]} fxe6 {[%clk
01:19:23]} 40. Qe4 {[%clk 01:02:27]} Qd6 {[%clk 01:19:23]} 41. Qb7+ {[%clk
01:02:27]} Kf6 {[%clk 01:19:23]} 42. Qh7 {[%clk 01:02:27]} e4+ {[%clk
01:19:23]} 43. g3 {[%clk 01:02:27]} h5 {[%clk 01:19:23]} 44. Qg8 {[%clk
01:02:27]} Qc5 {[%clk 01:19:23]} 45. g4 {[%clk 01:02:27]} Qd6+ {[%clk
01:19:23]} 46. Kg2 {[%clk 01:02:27]} hxg4 {[%clk 01:19:23]} 47. hxg4 {[%clk
01:02:27]} Kg5 {[%clk 01:19:23]} 48. Qf7 {[%clk 01:02:27]} Qe5 {[%clk
01:19:23]} 49. Qh7 {[%clk 01:02:27]} Kxg4 {[%clk 01:19:23]} 50. Qxg6+ {[%clk
01:02:27]} Kh4 {[%clk 01:19:23]} 51. Qh6+ {[%clk 01:02:27]} Qh5 {[%clk
01:19:23]} 52. Qxe6 {[%clk 01:02:27]} Qg6+ {[%clk 01:19:23]} 53. Qxg6 {[%clk
01:02:27]} 1/2-1/2

[Event "World Cup 2023 Open"]
[Site "Baku, Azerbaijan"]
[Date "2023.08.02"]
[Round "11.10"]
[White "Vachier-Lagrave Maxime (FRA)"]
[Black "Dragnev Valentin (AUT)"]
[Result "1/2-1/2"]
[WhiteFideId "623539"]
[BlackFideId "1634852"]
[WhiteElo "2739"]
[BlackElo "2576"]

1. c4 {[%clk 01:30:56]} {[%emt 00:00:03]} e6 {[%clk 01:29:57]} {[%emt
00:01:03]} 2. Nc3 {[%clk 01:31:20]} {[%emt 00:00:06]} d5 {[%clk 01:30:00]}
{[%emt 00:00:27]} 3. d4 {[%clk 01:31:46]} {[%emt 00:00:05]} Nf6 {[%clk
01:30:22]} {[%emt 00:00:09]} 4. cxd5 {[%clk 01:32:10]} {[%emt 00:00:06]} exd5
{[%clk 01:30:43]} {[%emt 00:00:08]} 5. Bg5 {[%clk 01:32:31]} {[%emt 00:00:09]}
c6 {[%clk 01:30:56]} {[%emt 00:00:18]} 6. e3 {[%clk 01:32:54]} {[%emt
00:00:06]} Bf5 {[%clk 01:31:14]} {[%emt 00:00:12]} 7. Qf3 {[%clk 01:31:04]}
{[%emt 00:02:20]} Bg6 {[%clk 01:31:37]} {[%emt 00:00:07]} 8. Bxf6 {[%clk
01:31:28]} {[%emt 00:00:06]} Qxf6 {[%clk 01:32:03]} {[%emt 00:00:04]} 9. Qxf6
{[%clk 01:31:50]} {[%emt 00:00:08]} gxf6 {[%clk 01:32:29]} {[%emt 00:00:04]} 10.
Nf3 {[%clk 01:31:05]} {[%emt 00:01:15]} Nd7 {[%clk 01:32:22]} {[%emt 00:00:38]}
11. Nh4 {[%clk 01:28:41]} {[%emt 00:02:54]} Bb4 {[%clk 01:32:05]} {[%emt
00:00:47]} 12. Rc1 {[%clk 01:24:40]} {[%emt 00:04:31]} a5 {[%clk 01:32:01]}
{[%emt 00:00:33]} 13. a3 {[%clk 01:21:56]} {[%emt 00:03:15]} Bxc3+ {[%clk
01:31:44]} {[%emt 00:00:47]} 14. Rxc3 {[%clk 01:22:17]} {[%emt 00:00:09]} a4
{[%clk 01:32:09]} {[%emt 00:00:05]} 15. Kd2 {[%clk 01:20:15]} {[%emt 00:02:32]}
Ke7 {[%clk 01:31:27]} {[%emt 00:01:11]} 16. Be2 {[%clk 01:19:21]} {[%emt
00:01:23]} Rhc8 {[%clk 01:29:20]} {[%emt 00:02:37]} 17. Rhc1 {[%clk 01:14:58]}
{[%emt 00:04:53]} Nf8 {[%clk 01:28:09]} {[%emt 00:01:41]} 18. Bg4 {[%clk
01:02:30]} {[%emt 00:12:58]} Ne6 {[%clk 01:22:06]} {[%emt 00:06:33]} 19. Nf5+
{[%clk 01:00:54]} {[%emt 00:02:06]} Bxf5 {[%clk 01:17:09]} {[%emt 00:05:27]} 20.
Bxf5 {[%clk 01:01:08]} {[%emt 00:00:15]} h6 {[%clk 01:17:02]} {[%emt 00:00:37]}
21. Re1 {[%clk 00:48:39]} {[%emt 00:12:59]} Rd8 {[%clk 01:14:57]} {[%emt
00:02:35]} 22. Kc2 {[%clk 00:40:57]} {[%emt 00:08:12]} Rg8 {[%clk 01:08:14]}
{[%emt 00:07:13]} 23. g3 {[%clk 00:39:42]} {[%emt 00:01:45]} Rgd8 {[%clk
01:08:15]} {[%emt 00:00:29]} 24. Bxe6 {[%clk 00:32:47]} {[%emt 00:07:25]} fxe6
{[%clk 01:06:46]} {[%emt 00:01:59]} 25. e4 {[%clk 00:32:58]} {[%emt 00:00:20]}
dxe4 {[%clk 01:00:36]} {[%emt 00:06:40]} 26. Rxe4 {[%clk 00:31:38]} {[%emt
00:01:51]} Ra5 {[%clk 01:00:38]} {[%emt 00:00:27]} 27. Rce3 {[%clk 00:25:41]}
{[%emt 00:06:26]} Rd6 {[%clk 01:00:48]} {[%emt 00:00:20]} 28. Rh4 {[%clk
00:26:00]} {[%emt 00:00:11]} h5 {[%clk 00:57:58]} {[%emt 00:03:20]} 29. Rf4
{[%clk 00:24:59]} {[%emt 00:01:31]} Rad5 {[%clk 00:53:30]} {[%emt 00:04:58]} 30.
Kc3 {[%clk 00:25:21]} {[%emt 00:00:08]} c5 {[%clk 00:48:07]} {[%emt 00:05:53]}
31. Ree4 {[%clk 00:24:19]} {[%emt 00:01:32]} Rb6 {[%clk 00:32:31]} {[%emt
00:16:06]} 32. dxc5 {[%clk 00:20:38]} {[%emt 00:04:11]} Rxc5+ {[%clk 00:32:39]}
{[%emt 00:00:23]} 33. Rc4 {[%clk 00:20:49]} {[%emt 00:00:18]} Rb3+ {[%clk
00:32:36]} {[%emt 00:00:33]} 34. Kc2 {[%clk 00:21:14]} {[%emt 00:00:05]} Rxc4+
{[%clk 00:27:35]} {[%emt 00:05:32]} 35. Rxc4 {[%clk 00:21:38]} {[%emt
00:00:06]} Rf3 {[%clk 00:27:42]} {[%emt 00:00:23]} 36. Rxa4 {[%clk 00:19:52]}
{[%emt 00:02:17]} Rxf2+ {[%clk 00:28:01]} {[%emt 00:00:10]} 37. Kc1 {[%clk
00:20:18]} {[%emt 00:00:04]} Rxh2 {[%clk 00:13:43]} {[%emt 00:14:49]} 38. Rb4
{[%clk 00:20:15]} {[%emt 00:00:33]} f5 {[%clk 00:12:34]} {[%emt 00:01:38]} 39.
Rxb7+ {[%clk 00:20:24]} {[%emt 00:00:21]} Kf6 {[%clk 00:12:55]} {[%emt
00:00:09]} 40. a4 {[%clk 00:15:23]} {[%emt 00:05:30]} h4 {[%clk 00:03:14]}
{[%emt 00:10:11]} 41. gxh4 {[%clk 00:13:48]} {[%emt 00:02:06]} f4 {[%clk
00:02:10]} {[%emt 00:01:34]} 42. Rb8 {[%clk 00:11:45]} {[%emt 00:02:33]} Ke5
{[%clk 00:25:55]} {[%emt 00:06:45]} 43. a5 {[%clk 00:35:12]} {[%emt 00:07:03]}
Rxh4 {[%clk 00:13:26]} {[%emt 00:12:59]} 44. Rf8 {[%clk 00:32:15]} {[%emt
00:03:26]} 1/2-1/2

[Event "World Cup 2023 Open"]
[Site "Baku, Azerbaijan"]
[Date "2023.08.02"]
[Round "11.11"]
[White "Janik Igor (POL)"]
[Black "Dominguez Perez Leinier (USA)"]
[Result "0-1"]
[WhiteFideId "1159259"]
[BlackFideId "3503240"]
[WhiteElo "2548"]
[BlackElo "2739"]

1. d4 {[%clk 01:30:58]} {[%emt 00:00:01]} Nf6 {[%clk 01:30:47]} {[%emt
00:00:12]} 2. c4 {[%clk 01:31:21]} {[%emt 00:00:08]} e6 {[%clk 01:31:08]}
{[%emt 00:00:09]} 3. Nc3 {[%clk 01:31:42]} {[%emt 00:00:08]} Bb4 {[%clk
01:31:31]} {[%emt 00:00:07]} 4. f3 {[%clk 01:32:04]} {[%emt 00:00:09]} c5
{[%clk 01:31:54]} {[%emt 00:00:07]} 5. d5 {[%clk 01:32:16]} {[%emt 00:00:18]}
d6 {[%clk 01:32:17]} {[%emt 00:00:06]} 6. e4 {[%clk 01:32:27]} {[%emt
00:00:20]} O-O {[%clk 01:32:32]} {[%emt 00:00:14]} 7. Nge2 {[%clk 01:31:11]}
{[%emt 00:01:47]} b5 {[%clk 01:32:39]} {[%emt 00:00:23]} 8. Nf4 {[%clk
01:30:54]} {[%emt 00:00:47]} exd5 {[%clk 01:32:52]} {[%emt 00:00:17]} 9. Nfxd5
{[%clk 01:31:11]} {[%emt 00:00:12]} Nxd5 {[%clk 01:33:10]} {[%emt 00:00:12]} 10.
Qxd5 {[%clk 01:31:31]} {[%emt 00:00:11]} Qb6 {[%clk 01:33:15]} {[%emt
00:00:26]} 11. cxb5 {[%clk 01:30:58]} {[%emt 00:01:03]} Bb7 {[%clk 01:33:31]}
{[%emt 00:00:13]} 12. Qd1 {[%clk 01:27:51]} {[%emt 00:03:38]} d5 {[%clk
01:28:54]} {[%emt 00:05:06]} 13. Bd2 {[%clk 01:25:53]} {[%emt 00:02:28]} dxe4
{[%clk 01:22:39]} {[%emt 00:06:45]} 14. fxe4 {[%clk 01:09:35]} {[%emt
00:16:47]} Re8 {[%clk 01:12:12]} {[%emt 00:10:57]} 15. Be2 {[%clk 01:07:27]}
{[%emt 00:02:38]} c4 {[%clk 01:07:41]} {[%emt 00:05:02]} 16. Bf3 {[%clk
00:50:23]} {[%emt 00:17:33]} Nd7 {[%clk 00:51:11]} {[%emt 00:17:00]} 17. Qe2
{[%clk 00:42:46]} {[%emt 00:08:08]} Ne5 {[%clk 00:48:02]} {[%emt 00:03:39]} 18.
Be3 {[%clk 00:42:16]} {[%emt 00:01:00]} Qxb5 {[%clk 00:39:29]} {[%emt
00:09:03]} 19. O-O {[%clk 00:42:31]} {[%emt 00:00:15]} Qa5 {[%clk 00:39:53]}
{[%emt 00:00:06]} 20. Rac1 {[%clk 00:34:13]} {[%emt 00:08:48]} Nd3 {[%clk
00:36:33]} {[%emt 00:03:49]} 21. Rc2 {[%clk 00:34:36]} {[%emt 00:00:07]} Rab8
{[%clk 00:33:06]} {[%emt 00:03:58]} 22. a3 {[%clk 00:27:36]} {[%emt 00:07:31]}
Bd6 {[%clk 00:26:01]} {[%emt 00:07:34]} 23. g3 {[%clk 00:22:43]} {[%emt
00:05:23]} Be5 {[%clk 00:23:21]} {[%emt 00:03:10]} 24. Nd1 {[%clk 00:21:29]}
{[%emt 00:01:44]} Qa4 {[%clk 00:18:35]} {[%emt 00:05:15]} 25. Nc3 {[%clk
00:20:11]} {[%emt 00:01:49]} Bxc3 {[%clk 00:17:29]} {[%emt 00:01:35]} 26. Rxc3
{[%clk 00:18:42]} {[%emt 00:02:00]} Bxe4 {[%clk 00:17:52]} {[%emt 00:00:06]} 27.
Bxe4 {[%clk 00:18:53]} {[%emt 00:00:19]} Rxe4 {[%clk 00:18:19]} {[%emt
00:00:02]} 28. Qf3 {[%clk 00:18:52]} {[%emt 00:00:32]} Qe8 {[%clk 00:18:01]}
{[%emt 00:00:48]} 29. Bc1 {[%clk 00:16:05]} {[%emt 00:03:17]} Rb6 {[%clk
00:16:10]} {[%emt 00:02:20]} 30. Qh5 {[%clk 00:14:01]} {[%emt 00:02:33]} h6
{[%clk 00:12:32]} {[%emt 00:04:08]} 31. Qd5 {[%clk 00:13:08]} {[%emt 00:01:22]}
Rb5 {[%clk 00:11:37]} {[%emt 00:01:25]} 32. Qd6 {[%clk 00:13:14]} {[%emt
00:00:25]} Nxc1 {[%clk 00:10:13]} {[%emt 00:01:55]} 0-1

[Event "World Cup 2023 Open"]
[Site "Baku, Azerbaijan"]
[Date "2023.08.02"]
[Round "11.12"]
[White "Grischuk Alexander (FID)"]
[Black "Daneshvar Bardiya (IRI)"]
[Result "1/2-1/2"]
[WhiteFideId "4126025"]
[BlackFideId "12576468"]
[WhiteElo "2736"]
[BlackElo "2577"]

1. d4 {[%clk 01:30:43]} {[%emt 00:00:17]} d5 {[%clk 01:30:40]} {[%emt
00:00:21]} 2. Nf3 {[%clk 01:28:38]} {[%emt 00:02:34]} e6 {[%clk 01:30:57]}
{[%emt 00:00:14]} 3. c4 {[%clk 01:22:30]} {[%emt 00:06:37]} Nf6 {[%clk
01:31:04]} {[%emt 00:00:24]} 4. Nc3 {[%clk 01:22:16]} {[%emt 00:00:44]} Be7
{[%clk 01:31:28]} {[%emt 00:00:06]} 5. cxd5 {[%clk 01:17:19]} {[%emt 00:05:26]}
exd5 {[%clk 01:31:09]} {[%emt 00:00:48]} 6. Bf4 {[%clk 01:17:21]} {[%emt
00:00:28]} c6 {[%clk 01:28:39]} {[%emt 00:03:01]} 7. Qc2 {[%clk 01:15:50]}
{[%emt 00:02:00]} Nh5 {[%clk 01:19:55]} {[%emt 00:09:14]} 8. Bd2 {[%clk
00:52:56]} {[%emt 00:23:24]} Be6 {[%clk 01:12:39]} {[%emt 00:07:47]} 9. h3
{[%clk 00:51:46]} {[%emt 00:01:39]} Na6 {[%clk 01:07:26]} {[%emt 00:05:43]} 10.
e3 {[%clk 00:40:20]} {[%emt 00:11:56]} Nc7 {[%clk 01:02:27]} {[%emt 00:05:29]}
11. g4 {[%clk 00:37:25]} {[%emt 00:03:24]} Nf6 {[%clk 01:00:42]} {[%emt
00:02:15]} 12. Bd3 {[%clk 00:37:51]} {[%emt 00:00:04]} Nd7 {[%clk 00:55:32]}
{[%emt 00:05:40]} 13. Ne2 {[%clk 00:33:09]} {[%emt 00:05:12]} Bd6 {[%clk
00:50:11]} {[%emt 00:05:52]} 14. Nf4 {[%clk 00:30:40]} {[%emt 00:02:59]} g6
{[%clk 00:47:52]} {[%emt 00:02:49]} 15. O-O-O {[%clk 00:22:03]} {[%emt
00:09:07]} Qe7 {[%clk 00:40:14]} {[%emt 00:08:08]} 16. Kb1 {[%clk 00:22:26]}
{[%emt 00:00:07]} O-O-O {[%clk 00:39:22]} {[%emt 00:01:22]} 17. Rhe1 {[%clk
00:21:12]} {[%emt 00:01:43]} Kb8 {[%clk 00:35:06]} {[%emt 00:04:47]} 18. e4
{[%clk 00:18:40]} {[%emt 00:03:02]} dxe4 {[%clk 00:33:18]} {[%emt 00:02:18]} 19.
Bxe4 {[%clk 00:17:35]} {[%emt 00:01:35]} Nf6 {[%clk 00:30:52]} {[%emt
00:02:56]} 20. Ng5 {[%clk 00:08:26]} {[%emt 00:09:38]} Nxe4 {[%clk 00:27:10]}
{[%emt 00:04:13]} 21. Qxe4 {[%clk 00:08:30]} {[%emt 00:00:26]} Rhe8 {[%clk
00:15:20]} {[%emt 00:12:20]} 22. Ngxe6 {[%clk 00:07:53]} {[%emt 00:01:06]} Nxe6
{[%clk 00:12:25]} {[%emt 00:03:25]} 23. d5 {[%clk 00:05:25]} {[%emt 00:02:58]}
Nxf4 {[%clk 00:09:28]} {[%emt 00:03:28]} 24. Qxe7 {[%clk 00:05:34]} {[%emt
00:00:20]} Rxe7 {[%clk 00:09:12]} {[%emt 00:00:46]} 25. Rxe7 {[%clk 00:05:57]}
{[%emt 00:00:07]} Bxe7 {[%clk 00:09:35]} {[%emt 00:00:08]} 26. Bxf4+ {[%clk
00:06:23]} {[%emt 00:00:03]} Kc8 {[%clk 00:09:36]} {[%emt 00:00:29]} 27. Re1
{[%clk 00:06:43]} {[%emt 00:00:09]} Bd6 {[%clk 00:08:50]} {[%emt 00:01:18]} 28.
Bxd6 {[%clk 00:04:17]} {[%emt 00:02:56]} Rxd6 {[%clk 00:09:14]} {[%emt
00:00:06]} 29. Re7 {[%clk 00:03:16]} {[%emt 00:01:30]} Rd7 {[%clk 00:08:37]}
{[%emt 00:01:08]} 30. Re8+ {[%clk 00:03:41]} {[%emt 00:00:05]} Kc7 {[%clk
00:08:54]} {[%emt 00:00:14]} 1/2-1/2